Teatro puertorriqueño: tercer festival (Registro nro. 13072)
[ vista simple ]
| 000 -LIDER | |
|---|---|
| fixed length control field | 00706nam a22001697a 4500 |
| 003 - IDENTIFICACDOR DE NÚMERO DE CONTROL | |
| control field | DO-SdBNP |
| 005 - DATE AND TIME OF LATEST TRANSACTION | |
| control field | 20171124104752.0 |
| 008 - ELEMENTOS DE LONGITUD FIJA | |
| fixed length control field | 171124b pr1961||||| |||| 00| 0 spa d |
| 040 ## - FUENTE DE CATALOGACIÓN | |
| Agencia que crea de manera original el registro | BPMSU |
| Idioma de catalogación | spa |
| Agencia que realiza la transcripción | BMPSU |
| 245 00 - MENCIÓN DE TITULO | |
| Título | Teatro puertorriqueño: tercer festival |
| 260 ## - PUBLICACIÓN, DISTRIBUCIÓN, ETC. (PIE DE IMPRENTA) | |
| Lugar de publicación, distribución, etc | Puerto Rico : |
| Nombre del editor, distribuidor, etc. | Instituto de Cultura Puertorriqueña, |
| Fecha de publicación, distribución, etc | 1961 |
| 300 ## - DESCRIPCIÓN FÍSICA | |
| Extensión | 610p. |
| Otros detalles físicos | il. ; |
| Dimensiones | 23 cm. |
| 500 ## - NOTA GENERAL | |
| Nota general | Incluye índice |
| 505 ## - NOTA DE CONTENIDO | |
| Título | Un niño azul para esa sombra / |
| Mención de responsabilidad | R. Marqués -- |
| Título | De tanto caminar / |
| Mención de responsabilidad | Piri Fernández.-- |
| Título | Cristal roto en el tiempo / |
| Mención de responsabilidad | Myrna Casas -- |
| Título | Cielo caído / |
| Mención de responsabilidad | Emilio S. Belaval -- |
| Título | En el principio la noche era serena / |
| Mención de responsabilidad | Gerard Paul Marín |
| 942 ## - ADDED ENTRY ELEMENTS (KOHA) | |
| Source of classification or shelving scheme | Dewey Decimal Classification |
| Koha item type | Libros |
| 945 ## - INFORMACIÓN DE PROCESAMIENTO LOCAL | |
| Información de procesamiento local | Inventariado, 2017/MFF |
| Withdrawn status | Lost status | Source of classification or shelving scheme | Damaged status | Not for loan | Collection code | Home library | Current library | Date acquired | Total Checkouts | Barcode | Date last seen | Price effective from | Koha item type |
|---|---|---|---|---|---|---|---|---|---|---|---|---|---|
| Dewey Decimal Classification | Colección General | Biblioteca Pública Metropolitana Salomé Ureña | Biblioteca Pública Metropolitana Salomé Ureña | 11/24/2017 | BPMSU17110400 | 11/24/2017 | 11/24/2017 | Libros |